000 00628nam a2200205Ia 4500
003 LK-CoDNM
005 20241212105050.0
008 121026t2002 xxu||||| |||| 00| 0 sin d
040 _aLK-CoDNM
_dLK-CoDNM
_eLK-CoDNM
041 _asin
080 _aX8S1
_bDIS
100 _aMathishani.P.Disanayaka
245 _aඅපගේ ලොවේ සැරි සැරුමට ඉඩ දෙන්න
246 _aApage Love Seri Serumata Ida Denna
260 _bJayathissa Mudhdhranalaya
_aNuvaraeliya
_c2002
300 _b41p. ; 21 cm
650 _a2002
650 _aකාව්‍ය නිර්‍මාණ
942 _cBK
999 _c74524
_d74524